000 00510nam a2200205Ia 4500
003 GCL
008 140319s9999 xx 000 0 eng d
040 _aGCL /
_cGCL
082 0 4 _a759
_bM R
100 1 _aMONSEL, PHILIPPE
245 1 0 _aRENOIR 1841 - 1919 /
_cMONSEL, PHILIPPE
260 _a[S.N] :
_bCERCLE D' ART ،
_c1995
300 _a63 P
650 0 4 _aPIERRE, AUGUSTE RENOIR
650 0 4 _aARTS
650 0 4 _aPAINTING
650 0 4 _aPAINTERS
650 0 4 _aPAINTERS AND PAINTINGS
942 _2ddc
_cBK
999 _c14710
_d14710